| Tag |
First Indicator |
Second Indicator |
Subfields |
| LEADER |
00000cam a2200000 4500 |
| 001 |
in00000991713 |
| 005 |
20150927161255.0 |
| 008 |
900530s1972 wauab 00010 eng d |
| 035 |
|
|
|a (OCoLC)21633096
|
| 035 |
|
|
|9 AEY5715AM
|
| 040 |
|
|
|a TXA
|c TXA
|d UtOrBLW
|
| 049 |
1 |
|
|a TXA2
|
| 090 |
|
|
|a QH540
|b .W372 no. 72-19
|
| 110 |
1 |
|
|a Washington (State).
|b Department of Ecology.
|
| 245 |
1 |
0 |
|a Litter, 1972 :
|b a summary of Washington State's Spring litter control campaign.
|
| 264 |
|
1 |
|a Olympia, Washington :
|b State of Washington, Department of Ecology,
|c 1972.
|
| 300 |
|
|
|a 19 leaves :
|b maps, tables ;
|c 28 cm.
|
| 336 |
|
|
|a text
|b txt
|2 rdacontent
|
| 337 |
|
|
|a unmediated
|b n
|2 rdamedia
|
| 338 |
|
|
|a volume
|b nc
|2 rdacarrier
|
| 490 |
1 |
|
|a Technical report ;
|v no. 72-19
|
| 650 |
|
0 |
|a Litter (Trash)
|z Washington.
|
| 710 |
1 |
|
|a Washington (State).
|b Litter Control & Recycling Program.
|
| 830 |
|
0 |
|a Technical report (Washington (State). Dept. of Ecology) ;
|v no. 72-19.
|
| 999 |
|
|
|a MARS
|
| 999 |
f |
f |
|s e4477d40-1aa8-319b-bd9a-a688955f66d2
|i 39c4443d-7d2c-3122-9b7d-0aae343e42ed
|t 0
|
| 952 |
f |
f |
|p ric
|a Texas A&M University
|b Rellis Campus
|c Joint Library Facility
|d Remote Storage
|t 0
|e QH540 .W372 no.72-19
|h Library of Congress classification
|i unmediated -- volume
|m A14814758793
|
| 998 |
f |
f |
|a QH540 .W372 no.72-19
|t 0
|l Remote Storage
|